AFL All Australian Team 2015 - Statistics

General Stats
  • This quiz has been taken 1,085 times
  • The average score is 14 of 22
Answer Stats
Team Position Answer % Correct
Eagles Forward Josh Kennedy
90%
Tigers Back Alex Rance
89%
Dockers Ruck Rover Nathan Fyfe
89%
North Melbourne Ruck Todd Goldstein
87%
Crows Forward Eddie Betts
76%
Eagles Centre Matthew Priddis
73%
Giants Back Heath Shaw
68%
Hawks Half Forward Cyril Rioli
67%
Tigers Half Forward Jack Riewoldt
64%
Crows Follower Patrick Dangerfield
64%
Port Adelaide I/C Robbie Gray
63%
Bulldogs Half Back Robert Murphy
63%
Eagles Centre Andrew Gaff
62%
Hawks I/C Sam Mitchell
62%
Bombers Half Back Michael Hurley
56%
Hawks Back Josh Gibson
54%
Port Adelaide Half Forward Chad Wingard
53%
Bulldogs Forward Jake Stringer
44%
Bulldogs Half Back Easton Wood
43%
Swans Centre Daniel Hannebery
41%
Dockers I/C David Mundy
40%
Tigers I/C Brett Deledio
24%
No matching quizzes found
Score Distribution
Percent of People with Each Score
Percentile by Number Answered
Your Score History
You have not taken this quiz